000 00473nam a22001337a 4500
005 20241106134644.0
008 241106b |||||||| |||| 00| 0 eng d
245 _aThe Ghana Law Reports 1987-88 Vol 2
260 _aAccra, Ghana
_bCouncil for Law Reporting
_c1993
300 _axxxvii,757 pages
_c24.5 cm
500 _aCases determined by the High Court, the Court of Appeal, and the Supreme Court of the Republic of Ghana.
650 _2Law Reports
_xGhana
942 _2lcc
_cBK
_n0
999 _c702
_d702